Meilleur pv 4g - Statistiques

Statistiques générales
  • Ce quiz a été pris 5 fois
  • Le résultat moyen est 14 sur 19
Statistiques - réponses
Hint Réponse % Correct
120 arceus
100%
100 bouldeneu
100%
110 coudlangue
100%
120 cresselia
100%
150 grodrive
100%
100 manaphy
100%
110 regigigas
100%
100 shaymin
100%
108 carchacrok/mega carchacrok
67%
100 corboss
67%
100 dialga
67%
150 giratina
67%
110 mammochon
67%
103 moufflair
67%
100 ptiravi
67%
111 tritosor
67%
108 hippodocus
33%
115 rhinastoc
33%
135 goinfrex
0%
Aucun quiz correspondant
Distribution des résultats
% des personnes avec chaque résultat
Percentile par nombre de réponses
Votre historique - résultats
Vous n’avez pas pris ce quiz